Statistics for Countries by Google auto-complete

Click here to take the quiz!

General Stats

  • This quiz has been taken 206 times
  • The average score is 6 of 10

Answer Stats

Answer% Correct
Why does {Spain} want Gibraltar?
92%
Why does {Mexico} celebrate Cinco de Mayo
81%
Why does {New Zealand} have so many sheep?
76%
Why is {India} called a subcontinent?
75%
Why does {Somalia} have pirates?
74%
Why does {Kazakhstan} hate Uzbekistan?
67%
Why is {Mongolia} sparsely populated?
59%
Why is {Denmark} so happy?
49%
Why is {Albania} Muslim?
32%
Why is {Gambia} called The {Gambia}?
28%

Score Distribution

Percentile by Number Answered

Percent of People with Each Score

Your Score History

You have not taken this quiz